| 000 | 00451nam a2200145Ia 4500 | ||
|---|---|---|---|
| 005 | 20250508155956.0 | ||
| 008 | 008 250505s9999 xx 000 0 eng d | ||
| 037 | _aBooks to be hide in OPAC | ||
| 040 |
_aFEDL _beng _cFEDL |
||
| 041 |
_aeng _2eng |
||
| 084 |
_a378.5479, RAJ/O _qFEDL |
||
| 245 | 0 | _aAnnual report on the working of the Rajkumar College, raipur for 1923-24 | |
| 942 |
_cHB _h378.5479, RAJ/O |
||
| 999 |
_c1360631 _d1360631 |
||